000 nam a22 7a 4500
999 _c10037
_d10037
008 180209b ||||| |||| 00| 0 eng d
100 _aGoodluck Publishers
_96063
245 _aSchool Atlas
260 _aNew Delhi
_bGood Luck Publishers
_c2013